[Event "ODJM C 2025"]
[Site "Willingen GER"]
[Date "2025.06.12"]
[Round "7"]
[White "Hempel, Christian"]
[Black "Börner, Martha"]
[Result "1/2-1/2"]
[Termination "normal"]
[Board "18"]
[WhiteElo "1457"]
[BlackElo "1211"]
[WhiteClock "00:18:54"]
[BlackClock "00:56:12"]
[PlyCount "59"]
[WhiteFideId "34660470"]
[BlackFideId "34665382"]
[EventCountry "GER"]
[EventRounds "9"]
[EventType "swiss"]
[EventDate "2025.06.07"]

1. d4 {[%clk 01:30:57]} {[%emt 00:00:02]} d6 {[%clk 01:28:04]} {[%emt
00:02:56]} 2. c4 {[%clk 01:31:16]} {[%emt 00:00:11]} g6 {[%clk 01:28:11]}
{[%emt 00:00:23]} 3. Nc3 {[%clk 01:31:23]} {[%emt 00:00:23]} Bg7 {[%clk
01:28:30]} {[%emt 00:00:11]} 4. Nf3 {[%clk 01:31:20]} {[%emt 00:00:33]} Nf6
{[%clk 01:28:27]} {[%emt 00:00:33]} 5. e4 {[%clk 01:30:55]} {[%emt 00:00:55]}
Bg4 {[%clk 01:28:34]} {[%emt 00:00:22]} 6. Be2 {[%clk 01:30:18]} {[%emt
00:01:08]} Nc6 {[%clk 01:27:53]} {[%emt 00:01:11]} 7. h3 {[%clk 01:29:04]}
{[%emt 00:01:44]} Bxf3 {[%clk 01:28:08]} {[%emt 00:00:16]} 8. Bxf3 {[%clk
01:29:18]} {[%emt 00:00:14]} Nd7 {[%clk 01:28:24]} {[%emt 00:00:15]} 9. Be3
{[%clk 01:28:36]} {[%emt 00:01:12]} O-O {[%clk 01:28:23]} {[%emt 00:00:31]} 10.
O-O {[%clk 01:27:39]} {[%emt 00:01:27]} e5 {[%clk 01:28:27]} {[%emt 00:00:26]}
11. d5 {[%clk 01:27:46]} {[%emt 00:00:24]} Nd4 {[%clk 01:28:40]} {[%emt
00:00:15]} 12. Re1 {[%clk 01:20:14]} {[%emt 00:08:02]} Nb6 {[%clk 01:26:36]}
{[%emt 00:02:27]} 13. Be2 {[%clk 01:12:35]} {[%emt 00:08:17]} f5 {[%clk
01:22:49]} {[%emt 00:04:16]} 14. Qd2 {[%clk 01:02:36]} {[%emt 00:10:28]} Nxe2+
{[%clk 01:21:42]} {[%emt 00:01:39]} 15. Qxe2 {[%clk 01:02:24]} {[%emt
00:00:42]} fxe4 {[%clk 01:21:43]} {[%emt 00:00:29]} 16. Nxe4 {[%clk 01:01:59]}
{[%emt 00:00:56]} h6 {[%clk 01:18:36]} {[%emt 00:03:37]} 17. b3 {[%clk
01:00:26]} {[%emt 00:02:03]} Qh4 {[%clk 01:18:29]} {[%emt 00:00:33]} 18. f3
{[%clk 00:56:34]} {[%emt 00:04:25]} Qd8 {[%clk 01:14:42]} {[%emt 00:04:15]} 19.
Qd2 {[%clk 00:55:21]} {[%emt 00:01:45]} g5 {[%clk 01:14:40]} {[%emt 00:00:32]}
20. g4 {[%clk 00:49:46]} {[%emt 00:06:05]} Rxf3 {[%clk 01:13:47]} {[%emt
00:01:23]} 21. Kg2 {[%clk 00:49:11]} {[%emt 00:01:05]} Rf8 {[%clk 01:13:36]}
{[%emt 00:00:40]} 22. Qb4 {[%clk 00:36:24]} {[%emt 00:13:18]} Qd7 {[%clk
01:07:53]} {[%emt 00:06:12]} 23. a4 {[%clk 00:30:44]} {[%emt 00:06:11]} a5
{[%clk 01:06:57]} {[%emt 00:01:26]} 24. Qd2 {[%clk 00:30:46]} {[%emt 00:00:28]}
Qe7 {[%clk 01:04:01]} {[%emt 00:03:28]} 25. c5 {[%clk 00:27:36]} {[%emt
00:03:39]} Nd7 {[%clk 01:02:09]} {[%emt 00:02:22]} 26. Qc3 {[%clk 00:24:53]}
{[%emt 00:03:13]} c6 {[%clk 01:01:54]} {[%emt 00:00:44]} 27. dxc6 {[%clk
00:23:28]} {[%emt 00:01:55]} bxc6 {[%clk 01:01:49]} {[%emt 00:00:37]} 28. cxd6
{[%clk 00:23:31]} {[%emt 00:00:27]} Qf7 {[%clk 01:01:50]} {[%emt 00:00:29]} 29.
Qxc6 {[%clk 00:20:37]} {[%emt 00:03:25]} Rac8 {[%clk 00:56:12]} {[%emt
00:06:07]} 30. Qb5 {[%clk 00:18:54]} {[%emt 00:02:10]} 1/2-1/2

[Event "ODJM C 2025"]
[Site "Willingen GER"]
[Date "2025.06.12"]
[Round "7"]
[White "Rabus, Luise"]
[Black "Trunz, Daniel"]
[Result "1-0"]
[Termination "normal"]
[Board "19"]
[WhiteElo "1454"]
[BlackElo "1495"]
[WhiteClock "00:43:09"]
[BlackClock "01:00:55"]
[PlyCount "71"]
[WhiteFideId "34636900"]
[BlackFideId "34640797"]
[EventCountry "GER"]
[EventRounds "9"]
[EventType "swiss"]
[EventDate "2025.06.07"]

1. e4 {[%clk 01:30:58]} e5 {[%clk 01:30:59]} {[%emt 00:00:02]} 2. d4 {[%clk
01:31:19]} {[%emt 00:00:08]} exd4 {[%clk 01:30:56]} {[%emt 00:00:33]} 3. Qxd4
{[%clk 01:31:25]} {[%emt 00:00:23]} Nc6 {[%clk 01:31:05]} {[%emt 00:00:22]} 4.
Qe3 {[%clk 01:31:43]} {[%emt 00:00:11]} b6 {[%clk 01:30:19]} {[%emt 00:01:17]}
5. Bd2 {[%clk 01:30:32]} {[%emt 00:01:39]} Bc5 {[%clk 01:29:07]} {[%emt
00:01:44]} 6. Qg3 {[%clk 01:30:09]} {[%emt 00:00:52]} Qf6 {[%clk 01:27:50]}
{[%emt 00:01:48]} 7. Bc3 {[%clk 01:29:20]} {[%emt 00:01:19]} Bd4 {[%clk
01:27:15]} {[%emt 00:01:06]} 8. Nf3 {[%clk 01:23:59]} {[%emt 00:05:50]} Bxc3+
{[%clk 01:26:33]} {[%emt 00:01:12]} 9. Nxc3 {[%clk 01:24:20]} {[%emt 00:00:09]}
Nge7 {[%clk 01:23:33]} {[%emt 00:03:30]} 10. O-O-O {[%clk 01:21:38]} {[%emt
00:03:11]} O-O {[%clk 01:22:51]} {[%emt 00:01:09]} 11. Qxc7 {[%clk 01:11:50]}
{[%emt 00:10:20]} a5 {[%clk 01:22:23]} {[%emt 00:01:00]} 12. Qxb6 {[%clk
01:08:03]} {[%emt 00:04:17]} a4 {[%clk 01:21:50]} {[%emt 00:01:03]} 13. a3
{[%clk 01:06:36]} {[%emt 00:01:57]} Rb8 {[%clk 01:20:25]} {[%emt 00:01:54]} 14.
Qc5 {[%clk 01:01:25]} {[%emt 00:05:41]} Rd8 {[%clk 01:16:00]} {[%emt 00:04:55]}
15. Bb5 {[%clk 00:56:01]} {[%emt 00:05:55]} d6 {[%clk 01:13:16]} {[%emt
00:03:14]} 16. Bxc6 {[%clk 00:53:47]} {[%emt 00:02:44]} Bb7 {[%clk 01:08:28]}
{[%emt 00:05:16]} 17. e5 {[%clk 00:50:42]} {[%emt 00:03:37]} Qh6+ {[%clk
01:04:59]} {[%emt 00:03:59]} 18. Qe3 {[%clk 00:50:30]} {[%emt 00:00:42]} Bxc6
{[%clk 01:04:15]} {[%emt 00:01:14]} 19. Qxh6 {[%clk 00:49:01]} {[%emt
00:01:58]} gxh6 {[%clk 01:04:38]} {[%emt 00:00:08]} 20. Rxd6 {[%clk 00:49:23]}
{[%emt 00:00:08]} Rdc8 {[%clk 01:03:44]} {[%emt 00:01:24]} 21. Rxh6 {[%clk
00:48:08]} {[%emt 00:01:45]} Nd5 {[%clk 01:03:00]} {[%emt 00:01:15]} 22. Nd4
{[%clk 00:45:10]} {[%emt 00:03:27]} Ba8 {[%clk 01:00:23]} {[%emt 00:03:07]} 23.
Nxa4 {[%clk 00:43:43]} {[%emt 00:01:58]} Nb6 {[%clk 01:00:20]} {[%emt
00:00:32]} 24. Rxb6 {[%clk 00:43:43]} {[%emt 00:00:30]} Rxb6 {[%clk 00:59:50]}
{[%emt 00:01:00]} 25. Nxb6 {[%clk 00:44:04]} {[%emt 00:00:09]} Rd8 {[%clk
00:59:50]} {[%emt 00:00:31]} 26. Nxa8 {[%clk 00:43:54]} {[%emt 00:00:40]} Rxd4
{[%clk 00:59:54]} {[%emt 00:00:25]} 27. g3 {[%clk 00:43:52]} {[%emt 00:00:32]}
Re4 {[%clk 00:59:51]} {[%emt 00:00:33]} 28. f4 {[%clk 00:44:09]} {[%emt
00:00:11]} Ra4 {[%clk 01:00:00]} {[%emt 00:00:22]} 29. Nb6 {[%clk 00:43:49]}
{[%emt 00:00:51]} Ra6 {[%clk 01:00:20]} {[%emt 00:00:10]} 30. Nc4 {[%clk
00:44:08]} {[%emt 00:00:11]} Ra4 {[%clk 01:00:33]} {[%emt 00:00:17]} 31. b3
{[%clk 00:44:31]} {[%emt 00:00:07]} Ra6 {[%clk 01:00:39]} {[%emt 00:00:22]} 32.
Re1 {[%clk 00:44:16]} {[%emt 00:00:46]} f6 {[%clk 01:00:45]} {[%emt 00:00:25]}
33. e6 {[%clk 00:44:28]} {[%emt 00:00:18]} Kf8 {[%clk 01:01:00]} {[%emt
00:00:15]} 34. e7+ {[%clk 00:44:46]} {[%emt 00:00:11]} Ke8 {[%clk 01:01:23]}
{[%emt 00:00:07]} 35. g4 {[%clk 00:44:39]} {[%emt 00:00:38]} Rc6 {[%clk
01:00:55]} {[%emt 00:00:58]} 36. a4 {[%clk 00:43:09]} {[%emt 00:02:01]} 1-0

[Event "ODJM C 2025"]
[Site "Willingen GER"]
[Date "2025.06.12"]
[Round "7"]
[White "Hirtzel, Amelie Meiyan"]
[Black "Bathmann, Severin"]
[Result "1-0"]
[Termination "normal"]
[Board "20"]
[WhiteElo "1172"]
[BlackElo "1107"]
[WhiteClock "00:55:46"]
[BlackClock "00:56:38"]
[PlyCount "55"]
[WhiteFideId "533001898"]
[BlackFideId "34697276"]
[EventCountry "GER"]
[EventRounds "9"]
[EventType "swiss"]
[EventDate "2025.06.07"]

1. d4 {[%clk 01:30:58]} {[%emt 00:00:02]} d5 {[%clk 01:30:35]} {[%emt
00:00:26]} 2. c4 {[%clk 01:31:20]} {[%emt 00:00:08]} e6 {[%clk 01:30:56]}
{[%emt 00:00:08]} 3. cxd5 {[%clk 01:31:43]} {[%emt 00:00:07]} exd5 {[%clk
01:31:18]} {[%emt 00:00:09]} 4. Nc3 {[%clk 01:31:40]} {[%emt 00:00:32]} c5
{[%clk 01:31:19]} {[%emt 00:00:30]} 5. g3 {[%clk 01:29:15]} {[%emt 00:02:55]}
Nf6 {[%clk 01:31:26]} {[%emt 00:00:23]} 6. Bg2 {[%clk 01:28:54]} {[%emt
00:00:50]} Be6 {[%clk 01:31:41]} {[%emt 00:00:15]} 7. e3 {[%clk 01:27:56]}
{[%emt 00:01:28]} Be7 {[%clk 01:31:48]} {[%emt 00:00:23]} 8. Nge2 {[%clk
01:27:43]} {[%emt 00:00:43]} O-O {[%clk 01:31:56]} {[%emt 00:00:23]} 9. O-O
{[%clk 01:27:17]} {[%emt 00:00:56]} Nc6 {[%clk 01:29:45]} {[%emt 00:02:41]} 10.
b3 {[%clk 01:20:15]} {[%emt 00:07:31]} Qd7 {[%clk 01:29:38]} {[%emt 00:00:37]}
11. Nf4 {[%clk 01:17:06]} {[%emt 00:03:39]} Bf5 {[%clk 01:28:29]} {[%emt
00:01:40]} 12. Ncxd5 {[%clk 01:12:10]} {[%emt 00:05:26]} Nxd5 {[%clk 01:26:15]}
{[%emt 00:02:43]} 13. Bxd5 {[%clk 01:11:34]} {[%emt 00:01:06]} Bg5 {[%clk
01:24:59]} {[%emt 00:01:47]} 14. dxc5 {[%clk 01:09:42]} {[%emt 00:02:22]} Bxf4
{[%clk 01:12:24]} {[%emt 00:13:05]} 15. exf4 {[%clk 01:08:17]} {[%emt
00:01:54]} Nb4 {[%clk 01:12:21]} {[%emt 00:00:33]} 16. Bg2 {[%clk 01:04:41]}
{[%emt 00:04:07]} Qxd1 {[%clk 01:11:43]} {[%emt 00:01:07]} 17. Rxd1 {[%clk
01:04:51]} {[%emt 00:00:19]} Nc2 {[%clk 01:09:43]} {[%emt 00:02:31]} 18. Rb1
{[%clk 01:04:55]} {[%emt 00:00:27]} Nd4 {[%clk 01:09:09]} {[%emt 00:01:02]} 19.
Rb2 {[%clk 01:04:04]} {[%emt 00:01:23]} Rad8 {[%clk 01:06:58]} {[%emt
00:02:40]} 20. Kf1 {[%clk 01:01:48]} {[%emt 00:02:46]} Nc6 {[%clk 01:02:19]}
{[%emt 00:05:11]} 21. Rxd8 {[%clk 01:01:35]} {[%emt 00:00:42]} Rxd8 {[%clk
01:02:07]} {[%emt 00:00:41]} 22. Rd2 {[%clk 00:59:50]} {[%emt 00:02:15]} Bd3+
{[%clk 01:01:20]} {[%emt 00:01:17]} 23. Ke1 {[%clk 00:59:22]} {[%emt 00:00:58]}
Re8+ {[%clk 01:00:56]} {[%emt 00:00:35]} 24. Kd1 {[%clk 00:59:39]} {[%emt
00:00:31]} Nb4 {[%clk 01:00:16]} {[%emt 00:01:10]} 25. Ba3 {[%clk 00:55:49]}
{[%emt 00:04:20]} Bc2+ {[%clk 00:59:54]} {[%emt 00:00:53]} 26. Kc1 {[%clk
00:55:27]} {[%emt 00:00:51]} Re1+ {[%clk 00:59:23]} {[%emt 00:01:02]} 27. Kb2
{[%clk 00:55:43]} {[%emt 00:00:13]} Rb1+ {[%clk 00:56:38]} {[%emt 00:03:16]}
28. Kc3 {[%clk 00:55:46]} {[%emt 00:00:27]} 1-0

[Event "ODJM C 2025"]
[Site "Willingen GER"]
[Date "2025.06.12"]
[Round "7"]
[White "Kudinov, Mykhailo"]
[Black "Eichner, Willi"]
[Result "1/2-1/2"]
[Termination "normal"]
[Board "21"]
[WhiteElo "1139"]
[BlackElo "987"]
[WhiteClock "01:26:36"]
[BlackClock "01:10:35"]
[PlyCount "69"]
[WhiteFideId "533034176"]
[BlackFideId "533043787"]
[EventCountry "GER"]
[EventRounds "9"]
[EventType "swiss"]
[EventDate "2025.06.07"]

1. e4 {[%clk 01:30:59]} {[%emt 01:36:03]} e5 {[%clk 01:30:59]} 2. Nf3 {[%clk
01:31:23]} {[%emt 00:00:07]} Nc6 {[%clk 01:31:13]} {[%emt 00:00:15]} 3. Bc4
{[%clk 01:31:44]} {[%emt 00:00:09]} Bc5 {[%clk 01:31:28]} {[%emt 00:00:15]} 4.
c3 {[%clk 01:32:08]} {[%emt 00:00:06]} Nf6 {[%clk 01:31:49]} {[%emt 00:00:09]}
5. d4 {[%clk 01:32:32]} {[%emt 00:00:06]} exd4 {[%clk 01:32:12]} {[%emt
00:00:07]} 6. e5 {[%clk 01:32:53]} {[%emt 00:00:09]} Ng4 {[%clk 01:31:27]}
{[%emt 00:01:14]} 7. h3 {[%clk 01:33:16]} {[%emt 00:00:08]} Ngxe5 {[%clk
01:31:49]} {[%emt 00:00:08]} 8. cxd4 {[%clk 01:32:59]} {[%emt 00:00:47]} Bb4+
{[%clk 01:32:10]} {[%emt 00:00:09]} 9. Bd2 {[%clk 01:33:18]} {[%emt 00:00:11]}
d5 {[%clk 01:31:28]} {[%emt 00:01:12]} 10. Bb5 {[%clk 01:33:24]} {[%emt
00:00:25]} Bxd2+ {[%clk 01:31:29]} {[%emt 00:00:29]} 11. Qxd2 {[%clk 01:33:39]}
{[%emt 00:00:14]} Ng6 {[%clk 01:31:32]} {[%emt 00:00:27]} 12. Bxc6+ {[%clk
01:33:41]} {[%emt 00:00:28]} bxc6 {[%clk 01:31:50]} {[%emt 00:00:12]} 13. Qe2+
{[%clk 01:33:29]} {[%emt 00:00:43]} Qe7 {[%clk 01:32:00]} {[%emt 00:00:19]} 14.
Qxe7+ {[%clk 01:33:39]} {[%emt 00:00:20]} Nxe7 {[%clk 01:32:22]} {[%emt
00:00:07]} 15. O-O {[%clk 01:33:56]} {[%emt 00:00:14]} O-O {[%clk 01:32:28]}
{[%emt 00:00:23]} 16. Re1 {[%clk 01:34:11]} {[%emt 00:00:15]} Re8 {[%clk
01:32:06]} {[%emt 00:00:52]} 17. Nc3 {[%clk 01:34:19]} {[%emt 00:00:23]} Bf5
{[%clk 01:32:20]} {[%emt 00:00:15]} 18. Rac1 {[%clk 01:33:37]} {[%emt
00:01:12]} Rab8 {[%clk 01:31:54]} {[%emt 00:01:28]} 19. Na4 {[%clk 01:33:40]}
{[%emt 00:00:56]} h6 {[%clk 01:26:55]} {[%emt 00:05:28]} 20. Ne5 {[%clk
01:32:33]} {[%emt 00:01:37]} Rec8 {[%clk 01:18:43]} {[%emt 00:08:43]} 21. Nd7
{[%clk 01:30:29]} {[%emt 00:02:34]} Bxd7 {[%clk 01:18:49]} {[%emt 00:00:23]}
22. Rxe7 {[%clk 01:30:43]} {[%emt 00:00:16]} Rd8 {[%clk 01:18:55]} {[%emt
00:00:25]} 23. b3 {[%clk 01:30:43]} {[%emt 00:00:30]} Kf8 {[%clk 01:15:30]}
{[%emt 00:03:54]} 24. Re2 {[%clk 01:29:23]} {[%emt 00:01:50]} Re8 {[%clk
01:15:35]} {[%emt 00:00:25]} 25. Rxe8+ {[%clk 01:27:49]} {[%emt 00:02:05]} Rxe8
{[%clk 01:15:46]} {[%emt 00:00:18]} 26. Nc5 {[%clk 01:28:04]} {[%emt 00:00:15]}
Bf5 {[%clk 01:15:58]} {[%emt 00:00:17]} 27. Na6 {[%clk 01:27:52]} {[%emt
00:00:44]} Re2 {[%clk 01:10:06]} {[%emt 00:06:21]} 28. Nxc7 {[%clk 01:26:55]}
{[%emt 00:01:27]} Rxa2 {[%clk 01:10:11]} {[%emt 00:00:25]} 29. Rxc6 {[%clk
01:26:30]} {[%emt 00:00:55]} Bd7 {[%clk 01:09:41]} {[%emt 00:01:00]} 30. Rd6
{[%clk 01:25:52]} {[%emt 00:01:39]} Ke7 {[%clk 01:09:43]} {[%emt 00:00:29]} 31.
Rxd5 {[%clk 01:26:08]} {[%emt 00:00:14]} Be6 {[%clk 01:09:54]} {[%emt
00:00:12]} 32. Nxe6 {[%clk 01:26:14]} {[%emt 00:00:31]} Kxe6 {[%clk 01:10:00]}
{[%emt 00:00:22]} 33. Rc5 {[%clk 01:26:39]} {[%emt 00:00:06]} Rd2 {[%clk
01:10:20]} {[%emt 00:00:10]} 34. Ra5 {[%clk 01:26:36]} {[%emt 00:00:34]} Rxd4
{[%clk 01:10:35]} {[%emt 00:00:15]} 35. Rxa7 {[%emt 00:00:26]} 1/2-1/2

[Event "ODJM C 2025"]
[Site "Willingen GER"]
[Date "2025.06.12"]
[Round "7"]
[White "Kiesewetter, Lara"]
[Black "Surmann, Lukas"]
[Result "0-1"]
[Termination "normal"]
[Board "22"]
[WhiteElo "1131"]
[BlackElo "1084"]
[WhiteClock "00:33:42"]
[BlackClock "00:38:31"]
[PlyCount "112"]
[WhiteFideId "533043736"]
[BlackFideId "34649360"]
[EventCountry "GER"]
[EventRounds "9"]
[EventType "swiss"]
[EventDate "2025.06.07"]

1. e4 {[%clk 01:30:57]} {[%emt 00:00:03]} e6 {[%clk 01:30:54]} {[%emt
00:00:07]} 2. d4 {[%clk 01:31:20]} {[%emt 00:00:06]} d5 {[%clk 01:31:18]}
{[%emt 00:00:06]} 3. Nc3 {[%clk 01:31:43]} {[%emt 00:00:07]} c5 {[%clk
01:31:23]} {[%emt 00:00:24]} 4. Be3 {[%clk 01:27:48]} {[%emt 00:04:25]} e5
{[%clk 01:28:58]} {[%emt 00:02:56]} 5. Nxd5 {[%clk 01:26:15]} {[%emt 00:02:03]}
cxd4 {[%clk 01:29:02]} {[%emt 00:00:25]} 6. Bd2 {[%clk 01:25:37]} {[%emt
00:01:09]} Ne7 {[%clk 01:28:31]} {[%emt 00:01:02]} 7. Nxe7 {[%clk 01:22:56]}
{[%emt 00:03:10]} Bxe7 {[%clk 01:28:24]} {[%emt 00:00:36]} 8. Nf3 {[%clk
01:23:19]} {[%emt 00:00:07]} Nc6 {[%clk 01:27:55]} {[%emt 00:01:00]} 9. Bc4
{[%clk 01:22:32]} {[%emt 00:01:17]} O-O {[%clk 01:27:13]} {[%emt 00:01:11]} 10.
O-O {[%clk 01:22:50]} {[%emt 00:00:13]} Bg4 {[%clk 01:26:03]} {[%emt 00:01:40]}
11. a3 {[%clk 01:20:17]} {[%emt 00:03:03]} Kh8 {[%clk 01:25:10]} {[%emt
00:01:23]} 12. h3 {[%clk 01:18:24]} {[%emt 00:02:23]} Bh5 {[%clk 01:24:53]}
{[%emt 00:00:45]} 13. g4 {[%clk 01:14:32]} {[%emt 00:04:22]} Bg6 {[%clk
01:24:51]} {[%emt 00:00:32]} 14. Re1 {[%clk 01:13:48]} {[%emt 00:01:15]} h5
{[%clk 01:23:45]} {[%emt 00:01:35]} 15. g5 {[%clk 01:09:08]} {[%emt 00:05:11]}
Qc8 {[%clk 01:10:21]} {[%emt 00:13:54]} 16. Kg2 {[%clk 01:05:40]} {[%emt
00:03:58]} Bd6 {[%clk 01:05:46]} {[%emt 00:05:05]} 17. c3 {[%clk 01:01:57]}
{[%emt 00:04:12]} a6 {[%clk 00:57:37]} {[%emt 00:08:40]} 18. a4 {[%clk
00:56:36]} {[%emt 00:05:52]} Qc7 {[%clk 00:50:56]} {[%emt 00:07:10]} 19. Qe2
{[%clk 00:48:20]} {[%emt 00:08:45]} Rac8 {[%clk 00:47:37]} {[%emt 00:03:50]}
20. Bd5 {[%clk 00:43:21]} {[%emt 00:05:29]} Rfe8 {[%clk 00:45:40]} {[%emt
00:02:26]} 21. Bxc6 {[%clk 00:41:35]} {[%emt 00:02:17]} Qxc6 {[%clk 00:45:37]}
{[%emt 00:00:33]} 22. Rec1 {[%clk 00:41:48]} {[%emt 00:00:16]} dxc3 {[%clk
00:44:42]} {[%emt 00:01:26]} 23. Bxc3 {[%clk 00:38:19]} {[%emt 00:03:59]} Qxe4
{[%clk 00:44:13]} {[%emt 00:00:59]} 24. Qxe4 {[%clk 00:36:39]} {[%emt
00:02:10]} Bxe4 {[%clk 00:44:09]} {[%emt 00:00:33]} 25. Rd1 {[%clk 00:37:01]}
{[%emt 00:00:08]} Bxf3+ {[%clk 00:42:53]} {[%emt 00:01:47]} 26. Kxf3 {[%clk
00:36:52]} {[%emt 00:00:38]} e4+ {[%clk 00:42:18]} {[%emt 00:01:05]} 27. Kg2
{[%clk 00:36:46]} {[%emt 00:00:36]} Be5 {[%clk 00:41:27]} {[%emt 00:01:22]} 28.
Bxe5 {[%clk 00:35:59]} {[%emt 00:01:17]} Rxe5 {[%clk 00:41:47]} {[%emt
00:00:10]} 29. h4 {[%clk 00:36:25]} {[%emt 00:00:04]} Rc2 {[%clk 00:41:31]}
{[%emt 00:00:46]} 30. b3 {[%clk 00:36:02]} {[%emt 00:00:52]} e3 {[%clk
00:41:10]} {[%emt 00:00:52]} 31. Kg1 {[%clk 00:35:16]} {[%emt 00:01:16]} exf2+
{[%clk 00:40:01]} {[%emt 00:01:39]} 32. Kf1 {[%clk 00:35:29]} {[%emt 00:00:16]}
Rb2 {[%clk 00:39:03]} {[%emt 00:01:28]} 33. Rab1 {[%clk 00:34:16]} {[%emt
00:01:42]} Rxb1 {[%clk 00:38:22]} {[%emt 00:01:11]} 34. Rxb1 {[%clk 00:34:37]}
{[%emt 00:00:09]} Re4 {[%clk 00:38:33]} {[%emt 00:00:19]} 35. Kxf2 {[%clk
00:34:40]} {[%emt 00:00:27]} Rxh4 {[%clk 00:38:49]} {[%emt 00:00:14]} 36. Kg3
{[%clk 00:34:48]} {[%emt 00:00:22]} Rg4+ {[%clk 00:38:56]} {[%emt 00:00:21]}
37. Kh3 {[%clk 00:34:56]} {[%emt 00:00:23]} Rb4 {[%clk 00:38:57]} {[%emt
00:00:29]} 38. Rb2 {[%clk 00:35:04]} {[%emt 00:00:22]} b5 {[%clk 00:36:37]}
{[%emt 00:02:51]} 39. a5 {[%clk 00:34:36]} {[%emt 00:00:59]} g6 {[%clk
00:36:07]} {[%emt 00:00:59]} 40. Rb1 {[%clk 00:34:40]} {[%emt 00:00:26]} Kg7
{[%clk 00:36:29]} {[%emt 00:00:08]} 41. Rb2 {[%clk 00:34:47]} {[%emt 00:00:24]}
f6 {[%clk 00:36:50]} {[%emt 00:00:09]} 42. gxf6+ {[%clk 00:34:55]} {[%emt
00:00:20]} Kxf6 {[%clk 00:37:08]} {[%emt 00:00:13]} 43. Rf2+ {[%clk 00:34:36]}
{[%emt 00:00:48]} Kg7 {[%clk 00:37:08]} {[%emt 00:00:31]} 44. Rb2 {[%clk
00:34:55]} {[%emt 00:00:12]} Kh6 {[%clk 00:37:26]} {[%emt 00:00:12]} 45. Rb1
{[%clk 00:34:41]} {[%emt 00:00:44]} g5 {[%clk 00:37:36]} {[%emt 00:00:19]} 46.
Rb2 {[%clk 00:34:54]} {[%emt 00:00:19]} h4 {[%clk 00:37:40]} {[%emt 00:00:24]}
47. Rb1 {[%clk 00:35:16]} {[%emt 00:00:09]} Kh5 {[%clk 00:37:16]} {[%emt
00:00:53]} 48. Rb2 {[%clk 00:35:34]} {[%emt 00:00:14]} g4+ {[%clk 00:37:12]}
{[%emt 00:00:33]} 49. Kg2 {[%clk 00:35:37]} {[%emt 00:00:27]} Rd4 {[%clk
00:37:10]} {[%emt 00:00:31]} 50. b4 {[%clk 00:35:39]} {[%emt 00:00:29]} h3+
{[%clk 00:37:19]} {[%emt 00:00:21]} 51. Kh2 {[%clk 00:35:47]} {[%emt 00:00:21]}
Kh4 {[%clk 00:37:26]} {[%emt 00:00:23]} 52. Rb3 {[%clk 00:35:28]} {[%emt
00:00:50]} Rd2+ {[%clk 00:38:18]} {[%emt 00:00:07]} 53. Kg1 {[%clk 00:35:39]}
{[%emt 00:00:49]} g3 {[%clk 00:38:10]} {[%emt 00:00:38]} 54. Kf1 {[%clk
00:34:05]} {[%emt 00:02:05]} h2 {[%clk 00:38:17]} {[%emt 00:00:22]} 55. Ke1
{[%clk 00:34:18]} {[%emt 00:00:17]} Ra2 {[%clk 00:38:31]} {[%emt 00:00:15]} 56.
Kf1 {[%clk 00:33:42]} {[%emt 00:01:06]} h1=Q# {[%emt 00:00:21]} 0-1